|
|
|
|
| LEADER |
00923nam a22002652a 4500 |
| 001 |
000951731 |
| 003 |
CZ BrMZK |
| 005 |
20091013143115.0 |
| 007 |
ta |
| 008 |
090701s1965 xr er|||||||||||cze d |
| 015 |
|
|
|a cnb000144240
|
| 035 |
|
|
|a (OCoLC)42107182
|
| 040 |
|
|
|a BOA001
|b cze
|
| 100 |
1 |
|
|a Krátký, Karel,
|d 1930-
|7 jk01062938
|4 aut
|
| 245 |
1 |
0 |
|a Program spojenectví pro pokrok /
|c Karel Krátký
|
| 250 |
|
|
|a 1. vyd.
|
| 260 |
|
|
|a Praha :
|b Nakladatelství politické literatury,
|c 1965
|
| 300 |
|
|
|a 124 s.
|
| 504 |
|
|
|a Obsahuje bibliografii
|
| 500 |
|
|
|a Dostupné též v digitální podobě v aplikaci Kramerius
|
| 856 |
4 |
1 |
|u http://www.digitalniknihovna.cz/mzk/uuid/uuid:8427a170-92af-11e5-ac67-005056827e51
|y Digitalizovaný dokument
|x NDK
|
| 910 |
|
|
|a BOA001
|b 1-0534.137
|
| 990 |
|
|
|a BK
|
| 991 |
|
|
|b 200906
|
| 996 |
6 |
|
|b 2619458544
|c 1-0534.137
|l MZK
|r Sklad / do 1 hodiny
|n 0
|w 001083630
|u 000010
|a 1
|e BOA001
|j MZK50
|s P
|